<?xml version="1.0" encoding="UTF-8"?>
<record
    xmlns:xsi="http://www.w3.org/2001/XMLSchema-instance"
    xsi:schemaLocation="http://www.loc.gov/MARC21/slim http://www.loc.gov/standards/marcxml/schema/MARC21slim.xsd"
    xmlns="http://www.loc.gov/MARC21/slim">

  <leader>01069nib a2200301ua 4500</leader>
  <controlfield tag="001">000083495</controlfield>
  <controlfield tag="003">OSt</controlfield>
  <controlfield tag="005">20230918151507.0</controlfield>
  <controlfield tag="007">vducgaiz </controlfield>
  <controlfield tag="008">170809s1989    ck 049 e      |   z|spa d</controlfield>
  <datafield tag="040" ind1=" " ind2=" ">
    <subfield code="c">CO-MqBPB</subfield>
  </datafield>
  <datafield tag="041" ind1=" " ind2=" ">
    <subfield code="a">spa</subfield>
  </datafield>
  <datafield tag="043" ind1=" " ind2=" ">
    <subfield code="a">s-ck---</subfield>
  </datafield>
  <datafield tag="082" ind1="0" ind2="4">
    <subfield code="a">860.106</subfield>
    <subfield code="b">L66m</subfield>
    <subfield code="2">21</subfield>
  </datafield>
  <datafield tag="100" ind1=" " ind2=" ">
    <subfield code="a">L&#xF3;pez Michelsen, Alfonso</subfield>
    <subfield code="d">1913-2007</subfield>
  </datafield>
  <datafield tag="245" ind1="1" ind2="0">
    <subfield code="a">Mi Jos&#xE9; Asunci&#xF3;n Silva (Conferencia) :</subfield>
    <subfield code="b">[disco sonoro] /</subfield>
    <subfield code="c">Por Alfonso L&#xF3;pez Michelsen.</subfield>
  </datafield>
  <datafield tag="260" ind1=" " ind2=" ">
    <subfield code="a">Bogot&#xE1; :</subfield>
    <subfield code="b">Casa de Poes&#xED;a Silva,</subfield>
    <subfield code="c">1989.</subfield>
  </datafield>
  <datafield tag="300" ind1=" " ind2=" ">
    <subfield code="a">1 disco compacto :</subfield>
    <subfield code="b">sonido</subfield>
    <subfield code="e">(49 min.)</subfield>
  </datafield>
  <datafield tag="490" ind1=" " ind2="0">
    <subfield code="a">Voces para el tiempo</subfield>
    <subfield code="v">106</subfield>
  </datafield>
  <datafield tag="500" ind1=" " ind2=" ">
    <subfield code="a">Conferencia Mi Jos&#xE9; Asunci&#xF3;n Silva</subfield>
    <subfield code="a">15 de agosto de 1989</subfield>
  </datafield>
  <datafield tag="600" ind1=" " ind2=" ">
    <subfield code="a">Silva, Jos&#xE9; Asunci&#xF3;n</subfield>
    <subfield code="d">1865-1896</subfield>
    <subfield code="x">Cr&#xED;tica e interpretaci&#xF3;n</subfield>
    <subfield code="v">Congresos, conferencias, etc.</subfield>
  </datafield>
  <datafield tag="650" ind1="1" ind2="4">
    <subfield code="a">Poes&#xED;a colombiana</subfield>
    <subfield code="v">Congresos, conferencias, etc.</subfield>
    <subfield code="x">Historia y cr&#xED;tica</subfield>
  </datafield>
  <datafield tag="650" ind1="1" ind2="4">
    <subfield code="a">Literatura colombiana</subfield>
  </datafield>
  <datafield tag="650" ind1="1" ind2="4">
    <subfield code="a">Poetas colombianos</subfield>
  </datafield>
  <datafield tag="650" ind1="1" ind2="4">
    <subfield code="a">Cr&#xED;tica literaria</subfield>
  </datafield>
  <datafield tag="700" ind1="1" ind2=" ">
    <subfield code="a">Carranza, Mar&#xED;a Mercedes</subfield>
    <subfield code="e">Anuncio</subfield>
  </datafield>
  <datafield tag="942" ind1=" " ind2=" ">
    <subfield code="2">ddc</subfield>
    <subfield code="c">CDROM</subfield>
  </datafield>
  <datafield tag="999" ind1=" " ind2=" ">
    <subfield code="c">11365</subfield>
    <subfield code="d">11365</subfield>
  </datafield>
  <datafield tag="952" ind1=" " ind2=" ">
    <subfield code="0">0</subfield>
    <subfield code="1">0</subfield>
    <subfield code="2">ddc</subfield>
    <subfield code="4">0</subfield>
    <subfield code="7">0</subfield>
    <subfield code="8">MUL</subfield>
    <subfield code="a">BPMOS</subfield>
    <subfield code="b">BPMOS</subfield>
    <subfield code="d">2020-01-20</subfield>
    <subfield code="i">NT</subfield>
    <subfield code="l">0</subfield>
    <subfield code="o">860.106 L66m</subfield>
    <subfield code="p">MOS018963</subfield>
    <subfield code="r">2021-01-05</subfield>
    <subfield code="t">Ej. 1</subfield>
    <subfield code="w">2020-01-20</subfield>
    <subfield code="y">CDROM</subfield>
    <subfield code="z">Tres d&#xED;as-Multimedia</subfield>
  </datafield>
</record>
